Architects Discography - Statistics

General Stats
  • This quiz has been taken 19 times
  • The average score is 29 of 105
Answer Stats
Album Answer % Correct
For Those That Wish to Exist Animals
70%
For Those That Wish to Exist Black Lungs
70%
For Those That Wish to Exist Dead Butterflies
70%
Holy Hell Doomsday
70%
Holy Hell Holy Hell
70%
All Our Gods Have Abandoned Us Nihilist
70%
Lost Forever // Lost Together C.A.N.C.E.R
60%
For Those That Wish to Exist Impermanence
60%
Lost Forever // Lost Together The Distant Blue
60%
Lost Forever // Lost Together Broken Cross
50%
Daybreaker Daybreak
50%
For Those That Wish to Exist Goliath
50%
All Our Gods Have Abandoned Us Gone with the Wind
50%
Lost Forever // Lost Together Gravedigger
50%
Hollow Crown Hollow Crown
50%
For Those That Wish to Exist Meteor
50%
Holy Hell Royal Beggars
50%
Lost Forever // Lost Together Youth is Wasted on the Young
50%
Holy Hell A Wasted Hymn
40%
Lost Forever // Lost Together Colony Collapse
40%
For Those That Wish to Exist Dying is Absolutely Safe
40%
For Those That Wish to Exist Giving Blood
40%
Holy Hell Mortal After All
40%
Lost Forever // Lost Together Naysayer
40%
Daybreaker These Colours Don't Run
40%
Daybreaker Alpha Omega
30%
Lost Forever // Lost Together Castles in the Air
30%
The Here and Now Day in Day Out
30%
Holy Hell Death is Not Defeat
30%
All Our Gods Have Abandoned Us Deathwish
30%
Daybreaker Devil's Island
30%
All Our Gods Have Abandoned Us Downfall
30%
Holy Hell Dying to Heal
30%
Hollow Crown Early Grave
30%
Daybreaker Even If You Win, You're Still a Rat
30%
All Our Gods Have Abandoned Us From the Wilderness
30%
All Our Gods Have Abandoned Us Gravity
30%
The Here and Now Heartburn
30%
Holy Hell Hereafter
30%
For Those That Wish to Exist Libertine
30%
All Our Gods Have Abandoned Us Memento Mori
30%
Nightmares Minesweeper
30%
Holy Hell Modern Misery
30%
Daybreaker The Bitter End
30%
Lost Forever // Lost Together The Devil is Near
30%
Holy Hell The Seventh Circle
30%
Nightmares To the Death
30%
Ruin You'll Find Safety
30%
All Our Gods Have Abandoned Us All Love is Lost
20%
Ruin Always
20%
All Our Gods Have Abandoned Us A Match Made in Heaven
20%
The Here and Now An Open Letter to Myself
20%
For Those That Wish to Exist An Ordinary Extinction
20%
Hollow Crown Borrowed Time
20%
The Here and Now BTN
20%
Ruin Buried at Sea
20%
Holy Hell Damnation
20%
Lost Forever // Lost Together Dead Man Talking
20%
For Those That Wish to Exist Demi God
20%
For Those That Wish to Exist Discourse is Dead
20%
For Those That Wish to Exist Flight Without Feathers
20%
Hollow Crown Follow the Water
20%
Ruin Hunt Them Down
20%
Hollow Crown In Elegance
20%
Nightmares In the Desert
20%
The Here and Now Learn to Live
20%
Ruin Low
20%
Ruin North Lane
20%
Daybreaker Of Dust and Nations
20%
All Our Gods Have Abandoned Us Phantom Fear
20%
The Here and Now Red Eyes
20%
Lost Forever // Lost Together Red Hypergiant
20%
Ruin Save Me
20%
The Here and Now The Blues
20%
Nightmares They'll Be Hanging Us Tonight
20%
Nightmares This Confession Means Nothing
20%
Nightmares You Don't Walk Away From Dismemberment
20%
Nightmares A Portrait for the Deceased
10%
Daybreaker Behind the Throne
10%
Daybreaker Black Blood
10%
Daybreaker Blood Bank
10%
Ruin Broken Clocks
10%
Daybreaker Cracks in the Earth
10%
Hollow Crown Dead March
10%
The Here and Now Delete, Rewind
10%
Hollow Crown Dethroned
10%
For Those That Wish to Exist Do You Dream of Armageddon
10%
Hollow Crown Every Last Breath
10%
Daybreaker Feather of Lead
10%
Ruin Heartless
10%
Ruin I Can't See the Light
10%
Hollow Crown Left with a Last Minute
10%
For Those That Wish to Exist Little Wonder
10%
Hollow Crown Numbers Count for Nothing
10%
Hollow Crown One of These Days
10%
Daybreaker Outsider Heart
10%
Ruin Running from the Sun
10%
Ruin Sail This Ship Alone
10%
The Here and Now Stay Young Forever
10%
Nightmares The Darkest Tomb
10%
All Our Gods Have Abandoned Us The Empty Hourglass
10%
Daybreaker Truth, Be Told
10%
Daybreaker Unbeliever
10%
Hollow Crown We're All Alone
10%
The Here and Now Year in Year Out / Up and Away
10%
No matching quizzes found
Score Distribution
Percent of People with Each Score
Percentile by Number Answered
Your Score History
You have not taken this quiz